000 01030nam0a2200289 4500
001 RU\NLR\bibl\1417979
005 20250615213627.0
010 _a978-5-699-37974-3
_96000
021 _aRU
_b2009-74745
_9349д
035 _a(NLR Aleph) 001409934
090 _a1275974
_c1275974
100 _a20090930d2009 |||y0rusy50 ca
101 0 _arus
102 _aRU
105 _ay |||||||||
200 1 _aНовые комментарии к экзаменационным билетам ГИБДД
_e[категории] A, B
_fАндрей Финкель
210 _aМосква
_cЭксмо
_d2009
215 _a317, [1] с.
_d20
606 1 _aПравила дорожного движения
_jУчебные издания
_xИзучение
_92559335
_3RU\NLR\auth\661514020
686 _aО808.02я82я74-1
700 1 _aФинкель
_bА. Е.
_gАндрей Евсеевич
_4070
801 0 _aRU
_bNLR
_c20090930
_gRCR
801 1 _aRU
_bNLR
_c20090930
942 _cBOOK
980 _aNB